[Event "Kiev Spring op"]
[Site "Kiev"]
[Date "2023.03.31"]
[Round "9"]
[White "Levchuk, Dmitry"]
[Black "Pilchuk, Artem"]
[Result "1-0"]
[WhiteElo "2036"]
[BlackElo "1584"]
[PlyCount "91"]
[EventDate "2023.03.25"]
[EventType "swiss"]
[EventRounds "9"]
[EventCountry "UKR"]
[SourceTitle "EXT 2024"]
[Source "ChessBase"]
[SourceDate "2023.10.10"]
[SourceVersion "1"]
[SourceVersionDate "2023.10.10"]
[SourceQuality "1"]

1. e4 e6 2. d4 d5 3. Nc3 dxe4 4. Nxe4 Nd7 5. Bd3 Ngf6 6. Ng3 Be7 7. Nf3 0-0 8. c3 c5 9. 0-0 b6 10. Qe2 Bb7 11. h4 cxd4 12. cxd4 Nb8 13. Rd1 Qc8 14. Bg5 Qd8 15. Rac1 Nbd7 16. Ne5 Rc8 17. Rxc8 Qxc8 18. Nh5 Qd8 19. Nf4 Nd5 20. Qe4 f5 21. Qf3 Nxe5 22. dxe5 Nxf4 23. Qxf4 Bxg5 24. hxg5 Qd5 25. Qg3 Qc5 26. g6 hxg6 27. Be2 Bd5 28. Qxg6 Qc2 29. Qh5 Qxb2 30. f4 Qb4 31. Qg5 Qc5+ 32. Kh2 Qc6 33. Rd3 Qa4 34. Rg3 Rf7 35. Bh5 Rd7 36. Be8 Qc6 37. Rh3 Qc7 38. Qh5 Kf8 39. Qh8+ Ke7 40. Qxg7+ Kd8 41. Qf6+ Kc8 42. Bxd7+ Qxd7 43. Qh8+ Qd8 44. Rc3+ Kd7 45. Qg7+ Ke8 46. Rh3 1-0

[Event "Kiev Spring op"]
[Site "Kiev"]
[Date "2023.03.29"]
[Round "6"]
[White "Pilchuk, Artem"]
[Black "Katsman, Mikhail"]
[Result "1/2-1/2"]
[WhiteElo "1584"]
[BlackElo "2177"]
[PlyCount "75"]
[EventDate "2023.03.25"]
[EventType "swiss"]
[EventRounds "9"]
[EventCountry "UKR"]
[SourceTitle "EXT 2024"]
[Source "ChessBase"]
[SourceDate "2023.10.10"]
[SourceVersion "1"]
[SourceVersionDate "2023.10.10"]
[SourceQuality "1"]

1. d4 d5 2. Nf3 Nf6 3. e3 e6 4. c3 c5 5. Bd3 Nc6 6. 0-0 Bd6 7. Nbd2 0-0 8. dxc5 Bxc5 9. e4 dxe4 10. Nxe4 Be7 11. Qc2 g6 12. Bh6 Re8 13. Rad1 Qc7 14. Ng3 b6 15. Qa4 Bb7 16. Bg5 Ne5 17. Nxe5 Qxe5 18. Bf4 Qc5 19. Be3 Qc6 20. Qxc6 Bxc6 21. Bd4 Red8 22. Rfe1 Rac8 23. Bb1 Nd7 24. f3 e5 25. Bf2 f5 26. Bc2 Bf6 27. Bb3+ Kg7 28. Be6 Rc7 29. Bd5 Nf8 30. Bxc6 Rxd1 31. Rxd1 Rxc6 32. Nf1 Kf7 33. Ne3 Ke6 34. Nd5 Nd7 35. b3 Bd8 36. c4 Rd6 37. Nc3 Rxd1+ 38. Nxd1 1/2-1/2